Statistics for TV / Movie Actors Quiz

Click here to take the quiz!

General Stats

  • This quiz has been taken 96,220 times
    (43,816 since last reset)
  • The average score is 11 of 21

Answer Stats

TV ShowMovieActor% Correct
The Fresh Prince
of Bel Air
Men in BlackWill Smith
97%
FriendsOffice SpaceJennifer Aniston
89%
EROcean's ElevenGeorge Clooney
70%
Two and
a Half Men
Wall StreetCharlie Sheen
67%
Welcome Back,
Kotter
GreaseJohn Travolta
65%
That 70's ShowDude, Where's
My Car?
Ashton Kutcher
64%
House of CardsThe Usual SuspectsKevin Spacey
58%
Family TiesBack to the FutureMichael J. Fox
57%
Family GuyBlack SwanMila Kunis
56%
Growing PainsThe DepartedLeonardo Dicaprio
51%
30 RockMean GirlsTina Fey
49%
TaxiTwinsDanny DeVito
48%
New Girl(500) Days of
Summer
Zooey Deschanel
47%
CheersWhite Men Can't
Jump
Woody Harrelson
46%
The OfficeLittle Miss SunshineSteve Carell
44%
Grey's AnatomyKnocked UpKatherine Heigl
42%
Arrested
Development
SuperbadMichael Cera
37%
Mad About YouTwisterHelen Hunt
35%
Suddenly SusanThe Blue LagoonBrooke Shields
32%
ScrubsGarden StateZach Braff
31%
How I Met
Your Mother
American PieAlyson Hannigan
31%

Score Distribution

Percentile by Number Answered

Percent of People with Each Score

Your Score History

You have not taken this quiz since the last reset